000 00498nam a2200145Ia 4500
008 211109s9999||||xx |||||||||||||| ||und||
082 _a894.8
_bCAL-C
100 _aCaldwell, Rev Robert
245 0 _aComparative Grammar Of The Dravidian Languages Rev G L Wyatt & T R
260 _bUn Known
_aThiruvananthapuram
_c1913
300 _a640p.
630 _xGeneral Stack
650 _aLiteratures of other languages
_vAltaic, Uralic, Hyperborean & DravidianMalayalam Literature
_xGeneralia
942 _cBOOK
999 _c5406
_d5406